| 000 | 01774nam a2200277 a 4500 | ||
|---|---|---|---|
| 008 | 201113s2012 ||||||||||||||||| || u | ||
| 020 | _a9780199135844 | ||
| 050 | _aQ 160.2 Bon | ||
| 100 | _aBrimicombe, Michael | ||
| 245 | 1 | 0 |
_aAQA GCSE science revision guide _cBy Graham Bone; Michael Brimicombe; Simon Broadley; Philippa Gardom- Hulme; Mark Matthews |
| 260 |
_aNew York _bOxford University Press _c2012 |
||
| 300 | _a207 pages: illustrations | ||
| 650 | _aSCIENCE--STUDY AND TEACHING | ||
| 650 | _aSCIENCE--HANDBOOK,MANUALS,ETC | ||
| 650 | 7 |
_aSCIENCE _2fast |
|
| 700 | _aBone, Graham | ||
| 700 | _aGardom - Hulme, Philippa | ||
| 700 | _aMatthews, Mark | ||
| 700 | _aBroadley, Simon | ||
| 995 |
_aMAIN LIBRARY OPEN ACCESS _e750557 _FCBU-MAIN LIBRARY (Kitwe) _I8.84 _jQ 160.2 Bon _M4 _UAVAILABLE _WDec 10, 2020 _y750557 _ZMain Library Open Access Collection |
||
| 995 |
_aKAPASA MAKASA LIBRARY OPEN ACCESS _D40.92 _e750617 _FCBU-KAPASA MAKASA LIBRARY (Chinsali) _jQ 160.2 Bon _M6 _UAVAILABLE _WJan 20, 2021 _y750617 _ZKapasa Makasa Library Open Acess Collection |
||
| 995 |
_aMAIN LIBRARY OPEN ACCESS _e750556 _FCBU-MAIN LIBRARY (Kitwe) _I8.84 _jQ 160.2 Bon _M3 _UAVAILABLE _WDec 10, 2020 _y750556 _ZMain Library Open Access Collection |
||
| 995 |
_aKAPASA MAKASA LIBRARY OPEN ACCESS _D40.92 _e750616 _FCBU-KAPASA MAKASA LIBRARY (Chinsali) _jQ 160.2 Bon _M5 _UAVAILABLE _WJan 20, 2021 _y750616 _ZKapasa Makasa Library Open Acess Collection |
||
| 995 |
_aMAIN LIBRARY OPEN ACCESS _e750555 _FCBU-MAIN LIBRARY (Kitwe) _I8.84 _jQ 160.2 Bon _M2 _UAVAILABLE _WDec 10, 2020 _y750555 _ZMain Library Open Access Collection |
||
| 995 |
_aMEDICAL LIBRARY OPEN ACCESS _e905173 _FCBU-SCHOOL OF MEDICINE LIBRARY (Ndola) _I40.78 _jQ 160.2 Bon _M1 _UAVAILABLE _WNov 18, 2020 _y905173 _ZMedical Library Open Access Collection |
||
| 999 |
_c63681 _d63681 |
||